[Event "XXX Memorial Edoardo Crespi A"]
[Site "Milano ITA"]
[Date "2009.12.05"]
[Round "1"]
[White "Magrini, Fabrizio"]
[Black "Genocchio, Daniele"]
[Result "0-1"]
[WhiteElo "2146"]
[BlackElo "2464"]
[PlyCount "33"]
[EventDate "2009.12.05"]

1. e4 c5 2. Nf3 Nc6 3. Bb5 e6 4. Bxc6 bxc6 5. d3 Ne7 6. O-O Ng6 7. Be3 Be7 8.
Nbd2 O-O 9. Nb3 d6 10. e5 Nxe5 11. Nxe5 dxe5 12. Bxc5 Bxc5 13. Nxc5 Qd4 14. Nb3
Qxb2 15. Qd2 Rb8 16. Rab1 Qa3 17. Qa5 0-1

[Event "XXX Memorial Edoardo Crespi A"]
[Site "Milano ITA"]
[Date "2009.12.05"]
[Round "1"]
[White "Malaniuk, Vladimir P."]
[Black "Burlando, Alessandro"]
[Result "1-0"]
[WhiteElo "2573"]
[BlackElo "2178"]
[PlyCount "41"]
[EventDate "2009.12.05"]

1. d4 Nf6 2. Nf3 g6 3. c3 Bg7 4. Bg5 O-O 5. Nbd2 d5 6. e3 b6 7. Be2 c5 8. b4
Ne4 9. Nxe4 dxe4 10. Nd2 h6 11. Bh4 f5 12. bxc5 g5 13. cxb6 axb6 14. Bg3 f4 15.
exf4 gxf4 16. Bh4 Bb7 17. O-O Nd7 18. Bc4+ Kh8 19. Re1 Rc8 20. Rc1 Rc6 21. Bd5
1-0

[Event "XXX Memorial Edoardo Crespi A"]
[Site "Milano ITA"]
[Date "2009.12.05"]
[Round "1"]
[White "Massironi, Marco"]
[Black "Salvador, Roland"]
[Result "1/2-1/2"]
[WhiteElo "2149"]
[BlackElo "2491"]
[PlyCount "85"]
[EventDate "2009.12.05"]

1. e4 c5 2. Nf3 Nc6 3. d4 cxd4 4. Nxd4 e5 5. Nb5 d6 6. N1c3 a6 7. Na3 b5 8. Nd5
Nge7 9. c4 Nxd5 10. exd5 Nd4 11. cxb5 Bd7 12. Be3 Nf5 13. Bd3 Nxe3 14. fxe3 e4
15. Be2 Qh4+ 16. g3 Qg5 17. Qd4 f5 18. b6 Be7 19. b7 Rb8 20. Bxa6 Qg4 21. Be2
Qg5 22. Qa7 O-O 23. Rc1 Qf6 24. Nc4 Bb5 25. O-O h5 26. a4 Bxc4 27. Bxc4 h4 28.
Ba6 hxg3 29. hxg3 Qe5 30. Rf4 g5 31. Rc8 gxf4 32. Rxb8 Qg7 33. Rxf8+ Bxf8 34.
exf4 Qxg3+ 35. Kh1 Qh3+ 36. Kg1 Qg3+ 37. Kh1 Qf3+ 38. Kg1 Qg3+ 39. Kh1 Qf3+ 40.
Kg1 Qg3+ 41. Kf1 Qf3+ 42. Kg1 Qg3+ 43. Kh1 1/2-1/2

[Event "XXX Memorial Edoardo Crespi A"]
[Site "Milano ITA"]
[Date "2009.12.05"]
[Round "1"]
[White "Naumkin, Igor"]
[Black "Tramalloni, Luca"]
[Result "1-0"]
[WhiteElo "2463"]
[BlackElo "2143"]
[PlyCount "67"]
[EventDate "2009.12.05"]

1. d4 Nf6 2. c4 c5 3. d5 e6 4. Nc3 exd5 5. cxd5 d6 6. e4 g6 7. Nf3 Bg7 8. Be2
O-O 9. O-O Re8 10. Nd2 Na6 11. f3 Nc7 12. a4 b6 13. Kh1 Qd7 14. Nc4 Ba6 15. Bg5
Rab8 16. Rb1 Bxc4 17. Bxc4 a6 18. Be2 b5 19. b4 c4 20. a5 Re5 21. Qd2 Rbe8 22.
Rbe1 Nh5 23. f4 Rxe4 24. Nxe4 Rxe4 25. Bxh5 Rd4 26. Qf2 Nxd5 27. Bg4 f5 28. Bf3
Qf7 29. Rd1 Rxd1 30. Rxd1 Nxb4 31. Rxd6 h6 32. Qc5 Nd3 33. Rxd3 cxd3 34. Bd5
1-0

[Event "XXX Memorial Edoardo Crespi A"]
[Site "Milano ITA"]
[Date "2009.12.05"]
[Round "1"]
[White "Nicolo', Filippo"]
[Black "Sgnaolin, Davide"]
[Result "0-1"]
[WhiteElo "2062"]
[BlackElo "2213"]
[PlyCount "58"]
[EventDate "2009.12.05"]

1. e4 c5 2. Nf3 Nc6 3. Nc3 g6 4. Bb5 Bg7 5. Bxc6 dxc6 6. d3 e5 7. O-O Qe7 8. a4
Nf6 9. b3 O-O 10. a5 Rd8 11. Qe1 Rb8 12. Ra2 Nh5 13. Be3 Bg4 14. Nd2 Nf4 15. f3
Bc8 16. Qf2 Ne6 17. Na4 b6 18. axb6 axb6 19. b4 Nd4 20. c3 Ra8 21. Rfa1 Be6 22.
Nc4 b5 23. Nxc5 Rxa2 24. Rxa2 bxc4 25. cxd4 exd4 26. Bf4 c3 27. Ra4 Qe8 28. Ra7
Ra8 29. Rxa8 Qxa8 0-1

[Event "XXX Memorial Edoardo Crespi A"]
[Site "Milano ITA"]
[Date "2009.12.05"]
[Round "1"]
[White "Pace, Pietro Dario"]
[Black "Agrifoglio, Fabio"]
[Result "1-0"]
[WhiteElo "2204"]
[BlackElo "2017"]
[PlyCount "73"]
[EventDate "2009.12.05"]

1. e4 d6 2. d4 Nf6 3. Nc3 g6 4. Bg5 Bg7 5. f4 h6 6. Bh4 c5 7. d5 O-O 8. Nf3 b5
9. Bxb5 Nxe4 10. Nxe4 Qa5+ 11. Kf2 Qxb5 12. Bxe7 Qxb2 13. Rb1 Qxa2 14. Nxd6 Bg4
15. Kg3 Bh5 16. Rb7 g5 17. Nf5 gxf4+ 18. Kf2 Bd4+ 19. N5xd4 Qxd5 20. Bxf8 Bxf3
21. Nxf3 Qxb7 22. Bxh6 Nc6 23. Qd2 Qb2 24. Rc1 Nb4 25. Kg1 Qf6 26. Bg5 Qf5 27.
Bxf4 a5 28. Be5 f6 29. Ba1 Re8 30. c3 Nd3 31. Rd1 c4 32. Nd4 Qe4 33. Bb2 Re5
34. Nf3 Rd5 35. Bc1 Nf4 36. Qe1 Qg6 37. Bxf4 1-0

[Event "XXX Memorial Edoardo Crespi A"]
[Site "Milano ITA"]
[Date "2009.12.05"]
[Round "1"]
[White "Pienabarca, Nicola"]
[Black "Profumo, Alberto"]
[Result "1/2-1/2"]
[WhiteElo "2071"]
[BlackElo "2223"]
[PlyCount "127"]
[EventDate "2009.12.05"]

1. d4 Nf6 2. Nf3 g6 3. g3 Bg7 4. Bg2 O-O 5. c4 c5 6. d5 Qa5+ 7. Nfd2 d6 8. O-O
a6 9. a4 b5 10. Nb3 Qb4 11. cxb5 axb5 12. Bd2 Qg4 13. axb5 Rxa1 14. Nxa1 Bb7
15. e4 Qc8 16. Na3 Nbd7 17. Nc4 Qb8 18. Nc2 Bc8 19. N2a3 Nb6 20. Na5 Ng4 21.
Nc6 Qb7 22. Bc3 Re8 23. Bxg7 Kxg7 24. h3 Nf6 25. Qb3 e5 26. Ra1 Bd7 27. Na5 Qc7
28. N3c4 Ra8 29. Ra3 Ne8 30. Nc6 Rxa3 31. bxa3 Nxc4 32. Qxc4 Bxc6 33. dxc6 Qa5
34. a4 Nc7 35. Qd3 Qxa4 36. Qxd6 Qa1+ 37. Kh2 Nxb5 38. Qxc5 Nc7 39. Bf3 Ne6 40.
Qc4 Qa7 41. Kg2 Qc7 42. Bg4 Nd4 43. Bd7 h5 44. h4 Kf6 45. Qa6 Qd6 46. Qb6 Kg7
47. Qa5 Qf6 48. Qc3 Nb5 49. Qd3 Nc7 50. Bc8 Qxc6 51. Bd7 Qc5 52. Kg1 Kf6 53.
Bc8 Nb5 54. Qd8+ Kg7 55. Bb7 Qd6 56. Qxd6 Nxd6 57. Bd5 f6 58. f3 f5 59. Kf2 Kf6
60. Ke3 fxe4 61. Bxe4 Nf5+ 62. Kf2 Ke6 63. Kg2 Kf6 64. Kf2 1/2-1/2

[Event "XXX Memorial Edoardo Crespi A"]
[Site "Milano ITA"]
[Date "2009.12.05"]
[Round "1"]
[White "Quaranta, Cristiano"]
[Black "Melia, Salome"]
[Result "0-1"]
[WhiteElo "2134"]
[BlackElo "2436"]
[PlyCount "54"]
[EventDate "2009.12.05"]

1. d4 Nf6 2. Nf3 e6 3. Bg5 h6 4. Bxf6 Qxf6 5. e4 d6 6. Bd3 e5 7. c3 g6 8. Nbd2
Bg7 9. dxe5 dxe5 10. Nc4 Qe7 11. O-O O-O 12. Qc2 c6 13. b4 Nd7 14. Rfe1 Nf6 15.
a4 h5 16. Ne3 Rd8 17. Bc4 Ng4 18. Nf1 a5 19. b5 Bd7 20. Rab1 Bh6 21. bxc6 Bxc6
22. Bb5 Rd7 23. h3 Nf6 24. N1d2 Bxd2 25. Nxd2 Rad8 26. Nc4 Qc5 27. Re3 Bxb5 0-1

[Event "XXX Memorial Edoardo Crespi A"]
[Site "Milano ITA"]
[Date "2009.12.05"]
[Round "1"]
[White "Radice, Luca"]
[Black "Tomba, Ivan"]
[Result "0-1"]
[WhiteElo "2088"]
[BlackElo "2283"]
[PlyCount "74"]
[EventDate "2009.12.05"]

1. Nf3 d5 2. d4 Nf6 3. c4 e6 4. Nc3 c6 5. Bg5 h6 6. Bxf6 Qxf6 7. e3 Nd7 8. Qc2
g6 9. Rd1 Bg7 10. Be2 O-O 11. O-O dxc4 12. Bxc4 Kh7 13. a4 a5 14. e4 e5 15.
dxe5 Nxe5 16. Nxe5 Qxe5 17. Kh1 Qc5 18. Qb3 Qe7 19. Rde1 Bd4 20. f4 Kg7 21. f5
Be5 22. g3 Qb4 23. Qa2 g5 24. Re3 Rb8 25. Rf2 Bd4 26. Ref3 Bxf2 27. Rxf2 Qc5
28. Kg2 Qe5 29. Rd2 b6 30. Qb1 Rb7 31. Qd1 Qe7 32. Rf2 f6 33. e5 Qxe5 34. Re2
Qxf5 35. Qd6 Qh3+ 36. Kg1 Qd7 37. Qa3 Qd4+ 0-1

[Event "XXX Memorial Edoardo Crespi A"]
[Site "Milano ITA"]
[Date "2009.12.05"]
[Round "1"]
[White "Robertsen, Thomas"]
[Black "Bertazzo, Giorgio"]
[Result "1/2-1/2"]
[WhiteElo "2273"]
[BlackElo "2087"]
[PlyCount "93"]
[EventDate "2009.12.05"]

1. e4 e5 2. Nf3 Nf6 3. Nc3 Nc6 4. d4 exd4 5. Nxd4 Bb4 6. Nxc6 bxc6 7. Bd3 d5 8.
exd5 cxd5 9. O-O O-O 10. Bg5 c6 11. Qf3 h6 12. Bf4 Bd6 13. h3 Rb8 14. b3 Rb4
15. Bg3 Bxg3 16. fxg3 Qd6 17. a3 Rb7 18. Ne2 Re7 19. Nd4 Rfe8 20. Bf5 Qc5 21.
Qf2 Ba6 22. Rfd1 Qb6 23. b4 c5 24. Nb3 cxb4 25. Qxb6 axb6 26. axb4 Be2 27. Rd2
g6 28. Bd3 Bxd3 29. cxd3 Re1+ 30. Kf2 Rxa1 31. Nxa1 Ra8 32. Nc2 Ra2 33. Ke3 Kf8
34. Kd4 Ke7 35. Kc3 Nd7 36. Kb3 Ra8 37. Nd4 Nf8 38. Rc2 Kd7 39. Rf2 Ne6 40. Nb5
Kc6 41. Nc3 Nd4+ 42. Kb2 f5 43. Rf4 Ne6 44. Rf1 Nd4 45. Rf4 Ne6 46. Rf2 Nd4 47.
Rf4 1/2-1/2

[Event "XXX Memorial Edoardo Crespi A"]
[Site "Milano ITA"]
[Date "2009.12.05"]
[Round "1"]
[White "Rota, Simone"]
[Black "Garano, Nicola"]
[Result "1-0"]
[WhiteElo "1992"]
[BlackElo "2189"]
[PlyCount "117"]
[EventDate "2009.12.05"]

1. d4 Nf6 2. c4 c5 3. d5 b5 4. cxb5 a6 5. b6 d6 6. Nc3 g6 7. e4 Bg7 8. Nf3 Nbd7
9. a4 Qxb6 10. a5 Qc7 11. h3 Rb8 12. Bc4 O-O 13. O-O Rb4 14. Qe2 Qb7 15. Ra3
Qa8 16. Na4 h6 17. Bd2 Rb8 18. Bc3 Kh7 19. Rd1 Ne8 20. Bxg7 Nxg7 21. e5 Rb4 22.
e6 fxe6 23. dxe6 Nb8 24. Nb6 Rxb6 25. axb6 Bb7 26. Nh4 Rf6 27. Rg3 g5 28. Bd3+
Kg8 29. Ng6 Nc6 30. Bb1 Qe8 31. Qc2 Nf5 32. Nh4 Nb4 33. Qxf5 Rxf5 34. Nxf5 Qf8
35. h4 Qf6 36. hxg5 hxg5 37. b3 Nd5 38. Ne3 Nf4 39. Bd3 Kf8 40. Bc4 Qe5 41. Bf1
Nxe6 42. Nc4 Qe4 43. Re3 Qg4 44. f3 Qf5 45. Na5 Nd8 46. Nxb7 Nxb7 47. Bxa6 Qd7
48. Rde1 e5 49. Rd1 Ke7 50. Rxe5+ Kf6 51. Red5 Qc6 52. Bxb7 Qxb7 53. Rxd6+ Ke7
54. R1d5 Ke8 55. Rxc5 Qg7 56. Rc7 Qe5 57. Rdd7 Qe6 58. Rb7 Qxb3 59. Rdc7 1-0

[Event "XXX Memorial Edoardo Crespi A"]
[Site "Milano ITA"]
[Date "2009.12.05"]
[Round "1"]
[White "Stromboli, Ettore"]
[Black "Ricci, Marco"]
[Result "1-0"]
[WhiteElo "2260"]
[BlackElo "2081"]
[PlyCount "85"]
[EventDate "2009.12.05"]

1. e4 e6 2. d4 d5 3. e5 c5 4. c3 Nc6 5. Be3 Qb6 6. Qd2 Bd7 7. Nf3 f6 8. Bd3 c4
9. Bc2 fxe5 10. Nxe5 Nxe5 11. dxe5 Bc5 12. Bxc5 Qxc5 13. O-O Ne7 14. b4 cxb3
15. axb3 Bb5 16. Re1 O-O 17. Na3 Be8 18. c4 dxc4 19. Nxc4 Bg6 20. Ra5 Qc7 21.
Bxg6 Nxg6 22. Qd6 Qxd6 23. exd6 Kf7 24. h4 b6 25. Ra6 b5 26. Na3 Nxh4 27. Nxb5
Nf5 28. Nc7 Rfe8 29. d7 Red8 30. Nxa8 Rxa8 31. Rxa7 Rd8 32. Ra6 Rxd7 33. Raxe6
Rb7 34. R6e5 Nd4 35. R5e4 Nxb3 36. Rf4+ Kg6 37. Re6+ Kg5 38. g3 Rd7 39. Rb4 Nd4
40. Re4 Nf3+ 41. Kg2 Rf7 42. Re3 Nd2 43. Rd4 1-0

[Event "XXX Memorial Edoardo Crespi A"]
[Site "Milano ITA"]
[Date "2009.12.05"]
[Round "1"]
[White "Sumets, Andrey"]
[Black "Zanetti, Alberto"]
[Result "1-0"]
[WhiteElo "2621"]
[BlackElo "2180"]
[PlyCount "63"]
[EventDate "2009.12.05"]

1. d4 Nf6 2. c4 e6 3. Nc3 Bb4 4. Qc2 d5 5. a3 Be7 6. Nf3 O-O 7. Bf4 b6 8. e3
Bb7 9. cxd5 exd5 10. Bd3 Nbd7 11. O-O h6 12. Rad1 Re8 13. Nb5 c6 14. Nc7 Nh5
15. Nxe8 Qxe8 16. Be5 Nf8 17. h3 Rc8 18. Bf5 Ne6 19. Qa4 a5 20. Rfe1 g6 21.
Bxe6 fxe6 22. e4 Qf7 23. exd5 exd5 24. Qb3 b5 25. Qe3 Kh7 26. Bg7 Kxg7 27. Qxe7
Rf8 28. Qxf7+ Rxf7 29. Ne5 Rc7 30. Nd3 Bc8 31. Rc1 Nf6 32. f3 1-0

[Event "XXX Memorial Edoardo Crespi A"]
[Site "Milano ITA"]
[Date "2009.12.05"]
[Round "1"]
[White "Vezzosi, Paolo"]
[Black "Sullolari, Saip"]
[Result "1-0"]
[WhiteElo "2363"]
[BlackElo "2106"]
[PlyCount "131"]
[EventDate "2009.12.05"]

1. d4 Nf6 2. Bf4 e6 3. e3 c5 4. Nd2 cxd4 5. exd4 d6 6. c3 Be7 7. Bd3 O-O 8.
Ngf3 Nbd7 9. O-O Re8 10. Qc2 Nf8 11. h3 a6 12. a4 b6 13. Nc4 Bb7 14. Nfd2 Nd5
15. Bh2 g5 16. Qb3 Ng6 17. Rfe1 Rb8 18. Be4 Bc6 19. Qd1 Qc7 20. Ne3 Ndf4 21.
Bxf4 gxf4 22. Nc2 Bxe4 23. Rxe4 d5 24. Re2 b5 25. axb5 axb5 26. Nf3 b4 27. cxb4
Bxb4 28. Nxb4 Rxb4 29. Rc2 Qb6 30. Ra2 Rb8 31. Kh2 Rc4 32. Rd2 Qb3 33. Qxb3
Rxb3 34. h4 h5 35. Ra8+ Kg7 36. Ra7 Rcb4 37. Rc2 Rb7 38. Rxb7 Rxb7 39. Kg1 Ne7
40. Kf1 Nf5 41. Ke1 Rb4 42. Rc7 Rxb2 43. Ng5 Nxd4 44. Rxf7+ Kg6 45. Rxf4 e5 46.
Rf8 e4 47. Rd8 Re2+ 48. Kf1 Rd2 49. Rd6+ Kg7 50. Ne6+ Nxe6 51. Rxe6 Kf7 52. Re5
Kf6 53. Rxh5 d4 54. g4 Ra2 55. Rd5 d3 56. h5 Ke6 57. Rd8 Ra1+ 58. Kg2 Ra7 59.
f3 Ke5 60. Kg3 Re7 61. h6 e3 62. Rxd3 Kf6 63. Rd1 Kg5 64. f4+ Kxh6 65. Kf3 e2
66. Re1 1-0

[Event "XXX Memorial Edoardo Crespi A"]
[Site "Milano ITA"]
[Date "2009.12.05"]
[Round "1"]
[White "Vinzoni, Andrea"]
[Black "Stromboli, Carlo"]
[Result "0-1"]
[WhiteElo "2082"]
[BlackElo "2272"]
[PlyCount "72"]
[EventDate "2009.12.05"]

1. d4 Nf6 2. c4 e6 3. Nc3 Bb4 4. e3 b6 5. Bd3 Bb7 6. Nf3 Bxc3+ 7. bxc3 Ne4 8.
O-O O-O 9. Ne1 Qh4 10. f3 Ng5 11. e4 f5 12. e5 f4 13. a4 Nc6 14. Ba3 d6 15. Qe2
Rad8 16. Rd1 Rd7 17. Nc2 Ne7 18. c5 Nf5 19. Bxf5 Rxf5 20. exd6 Rf6 21. Qe1 Qh5
22. d5 Bxd5 23. Rxd5 exd5 24. c6 Rdxd6 25. Bxd6 Rxd6 26. Qe7 Ne6 27. Re1 Qf7
28. Qh4 h6 29. Nd4 Nxd4 30. cxd4 Qf6 31. Qxf6 Rxf6 32. Re5 Rxc6 33. Rxd5 Rd6
34. Re5 Rxd4 35. a5 Ra4 36. axb6 cxb6 0-1

[Event "XXX Memorial Edoardo Crespi A"]
[Site "Milano ITA"]
[Date "2009.12.06"]
[Round "2"]
[White "Agrifoglio, Fabio"]
[Black "Cazzaniga, Walter"]
[Result "1-0"]
[WhiteElo "2017"]
[BlackElo "2139"]
[PlyCount "77"]
[EventDate "2009.12.05"]

1. d4 Nf6 2. c4 g6 3. Nc3 Bg7 4. e4 d6 5. Nge2 O-O 6. Ng3 e5 7. d5 Ne8 8. h4 f5
9. Bg5 Bf6 10. Bh6 Bg7 11. Bg5 Bf6 12. Bh6 Ng7 13. exf5 Bxf5 14. h5 Bg5 15.
hxg6 Bxg6 16. Nce4 Bxh6 17. Rxh6 Rf4 18. Bd3 Nd7 19. Qe2 Nf8 20. O-O-O Qe7 21.
Rdh1 c6 22. Nc3 Bxd3 23. Qxd3 Rxf2 24. Nce4 Rf4 25. Ne2 Rf7 26. g4 cxd5 27.
cxd5 Ne8 28. N2g3 Ng6 29. Nf5 Qd8 30. Rxg6+ hxg6 31. Nh6+ Kg7 32. Nxf7 Qc7+ 33.
Kb1 Qxf7 34. Ng5 Qg8 35. Ne6+ Kf6 36. Rh6 Rc8 37. Qe3 Ke7 38. Qg5+ Kd7 39. Rh7+
1-0

[Event "XXX Memorial Edoardo Crespi A"]
[Site "Milano ITA"]
[Date "2009.12.06"]
[Round "2"]
[White "Almonti, Alessandro"]
[Black "Robertsen, Thomas"]
[Result "1/2-1/2"]
[WhiteElo "2066"]
[BlackElo "2273"]
[PlyCount "92"]
[EventDate "2009.12.05"]

1. Nf3 c5 2. c4 Nc6 3. Nc3 e5 4. g3 g6 5. Bg2 Bg7 6. a3 a5 7. d3 Nge7 8. Bg5 f6
9. Be3 d6 10. O-O O-O 11. Rb1 Be6 12. Ne1 Qd7 13. Nc2 Bh3 14. b4 Bxg2 15. Kxg2
axb4 16. axb4 b6 17. bxc5 bxc5 18. Bd2 f5 19. Ne3 f4 20. Ned5 Nxd5 21. Nxd5 Nd4
22. f3 Ra2 23. Nc3 Raa8 24. Nd5 Rae8 25. Be1 h5 26. Nc3 Kh7 27. Ne4 Ne6 28. Rb6
d5 29. cxd5 Qxd5 30. Rxe6 Rxe6 31. Ng5+ Kh8 32. Nxe6 Qxe6 33. Qc2 Rc8 34. Bf2
c4 35. dxc4 Rxc4 36. Qd3 e4 37. fxe4 Rxe4 38. Re1 Kh7 39. Qf3 Bh6 40. Kf1 fxg3
41. hxg3 Be3 42. Rb1 Bxf2 43. Rb7+ Kg8 44. Rb8+ Kh7 45. Rb7+ Kg8 46. Rb8+ Kh7
1/2-1/2

[Event "XXX Memorial Edoardo Crespi A"]
[Site "Milano ITA"]
[Date "2009.12.06"]
[Round "2"]
[White "Astengo, Marcello"]
[Black "Calella, Sergio"]
[Result "1-0"]
[WhiteElo "2147"]
[BlackElo "2080"]
[PlyCount "71"]
[EventDate "2009.12.05"]

1. d4 Nf6 2. c4 c5 3. d5 d6 4. Nc3 g6 5. e4 Bg7 6. Be2 O-O 7. f3 Na6 8. Bg5 Nc7
9. Qd2 a6 10. a4 Rb8 11. a5 b5 12. axb6 Rxb6 13. e5 dxe5 14. Be3 Nd7 15. Na4
Rb8 16. Nxc5 Nxc5 17. Bxc5 Ne8 18. Ba3 Nd6 19. Bd3 f5 20. Rc1 e4 21. Bb1 a5 22.
c5 Nb5 23. c6 Qc7 24. Bc5 Qe5 25. Ne2 exf3 26. gxf3 f4 27. O-O Bh3 28. Rf2 Qxb2
29. Qxa5 Nc3 30. Rxc3 Bxc3 31. Qxc3 Qxb1+ 32. Nc1 Rf5 33. c7 Ra8 34. Rb2 Rxd5
35. Rxb1 Rd1+ 36. Kf2 1-0

[Event "XXX Memorial Edoardo Crespi A"]
[Site "Milano ITA"]
[Date "2009.12.06"]
[Round "2"]
[White "Battistella, Stefano"]
[Black "Gori, Andrea"]
[Result "0-1"]
[WhiteElo "2114"]
[BlackElo "2182"]
[PlyCount "94"]
[EventDate "2009.12.05"]

1. d4 Nf6 2. g3 d5 3. Bg2 Bf5 4. c4 c6 5. Nf3 Bxb1 6. Rxb1 Qa5+ 7. Bd2 Qxa2 8.
cxd5 Qxd5 9. O-O e6 10. Bf4 Qb5 11. Ne5 Be7 12. e4 O-O 13. Qc2 Rd8 14. Rfd1
Nbd7 15. Bf1 Qb4 16. Nc4 Bf8 17. Bd2 Qe7 18. e5 Nd5 19. Nd6 N7b6 20. b4 Qc7 21.
Ne4 Nd7 22. Rdc1 a6 23. h4 Be7 24. Bd3 Nf8 25. Qb2 b6 26. Bg5 f6 27. exf6 gxf6
28. Bd2 Qd7 29. Qc2 Rdc8 30. Qa2 Rc7 31. b5 cxb5 32. Bxb5 Rxc1+ 33. Bxc1 Qb7
34. Bc4 b5 35. Qe2 Qc6 36. Qg4+ Kh8 37. Bh6 Ng6 38. Bxd5 Qxd5 39. Nc5 f5 40.
Qe2 e5 41. h5 Nf8 42. Nd3 e4 43. Ne5 Ne6 44. Be3 Bf6 45. Nf7+ Kg7 46. Nh6 Bg5
47. Qd2 Kxh6 0-1

[Event "XXX Memorial Edoardo Crespi A"]
[Site "Milano ITA"]
[Date "2009.12.06"]
[Round "2"]
[White "Bertazzo, Giorgio"]
[Black "Gamboa, Miguel"]
[Result "1/2-1/2"]
[WhiteElo "2087"]
[BlackElo "2175"]
[PlyCount "83"]
[EventDate "2009.12.05"]

1. e4 e5 2. Nf3 Nc6 3. Bb5 a6 4. Bxc6 dxc6 5. d4 exd4 6. Qxd4 Qxd4 7. Nxd4 Bd7
8. Be3 c5 9. Nb3 b6 10. N1d2 O-O-O 11. O-O-O f6 12. Nc4 Be6 13. Nbd2 Ne7 14.
Kb1 Nc6 15. b3 Be7 16. Rhe1 Rd7 17. Nb2 Rhd8 18. Nf1 Nd4 19. c3 Nb5 20. Kc2
Rxd1 21. Rxd1 Rxd1 22. Nxd1 c4 23. b4 Nd6 24. Nd2 Kd7 25. Nb2 b5 26. Nd1 Nb7
27. f3 c5 28. a3 Kc6 29. Nb2 Bd6 30. Bg1 cxb4 31. axb4 a5 32. bxa5 Nxa5 33. Nd1
Bc5 34. Bxc5 Kxc5 35. Ne3 Nc6 36. Ndf1 b4 37. cxb4+ Kxb4 38. Ng3 Nd4+ 39. Kb2
c3+ 40. Kc1 g6 41. Nd5+ Bxd5 42. exd5 1/2-1/2

[Event "XXX Memorial Edoardo Crespi A"]
[Site "Milano ITA"]
[Date "2009.12.06"]
[Round "2"]
[White "Bonade', Massimo"]
[Black "Lazic, Miroljub"]
[Result "0-1"]
[WhiteElo "2103"]
[BlackElo "2454"]
[PlyCount "56"]
[EventDate "2009.12.05"]

1. d4 d5 2. c4 dxc4 3. e3 e5 4. Bxc4 exd4 5. exd4 Bd6 6. Nf3 Nf6 7. O-O O-O 8.
h3 h6 9. Nc3 Nc6 10. Nb5 Bf5 11. Be3 a6 12. Nxd6 Qxd6 13. Rc1 Rad8 14. a3 Be4
15. b4 Rfe8 16. Qb3 Rd7 17. Be2 Bd5 18. Qc2 Ne4 19. Rfd1 Rde7 20. Bc4 Nf6 21.
Ne1 Bxc4 22. Qxc4 Nd5 23. Bd2 Nb6 24. Qc5 Nxd4 25. Be3 Qxc5 26. Rxc5 Nb5 27.
Nc2 Na4 28. Rc4 Nb2 0-1

[Event "XXX Memorial Edoardo Crespi A"]
[Site "Milano ITA"]
[Date "2009.12.06"]
[Round "2"]
[White "Bonanno, Alessandro"]
[Black "Bove, Alessandro"]
[Result "0-1"]
[WhiteElo "2135"]
[BlackElo "2337"]
[PlyCount "78"]
[EventDate "2009.12.05"]

1. e4 c5 2. Nf3 Nc6 3. d4 cxd4 4. Nxd4 e6 5. Nc3 Qc7 6. g3 a6 7. Bg2 Nf6 8. O-O
Be7 9. Re1 d6 10. Nxc6 bxc6 11. e5 dxe5 12. Rxe5 O-O 13. Re1 Nd5 14. Ne4 Rd8
15. Qf3 Bb7 16. a3 a5 17. c4 Nf6 18. Nc3 a4 19. Bf4 Qb6 20. Qe2 Qb3 21. Rad1 h6
22. Bc7 Rxd1 23. Rxd1 Bxa3 24. bxa3 Qxc3 25. Be5 Qxa3 26. Bxf6 gxf6 27. Rd7
Qc1+ 28. Bf1 Bc8 29. Rd8+ Kg7 30. h4 Qb1 31. Qg4+ Qg6 32. Qf3 Bb7 33. Rd7 a3
34. Bd3 f5 35. Bb1 Bc8 36. Rd8 Qf6 37. Qxc6 Qxd8 38. Qxa8 Qd1+ 39. Kg2 Qxb1 0-1

[Event "XXX Memorial Edoardo Crespi A"]
[Site "Milano ITA"]
[Date "2009.12.06"]
[Round "2"]
[White "Bozzali, Ermanno"]
[Black "Bonazzi, Edoardo"]
[Result "1/2-1/2"]
[WhiteElo "2124"]
[BlackElo "2193"]
[PlyCount "87"]
[EventDate "2009.12.05"]

1. Nf3 Nf6 2. c4 c5 3. Nc3 Nc6 4. d4 cxd4 5. Nxd4 g6 6. g3 Bg7 7. Bg2 O-O 8.
O-O Nxd4 9. Qxd4 d6 10. Qd3 a6 11. Bg5 Bf5 12. e4 Be6 13. Rac1 Re8 14. b3 Qa5
15. Bd2 Rab8 16. Nd5 Qd8 17. Be3 Nxd5 18. exd5 Bd7 19. Ba7 Ra8 20. Qe3 Qa5 21.
a4 Qb4 22. Qb6 Qxb6 23. Bxb6 Bf5 24. f4 Bb2 25. Rce1 Ba3 26. Re3 Rac8 27. Be4
Bc5 28. Bxc5 Rxc5 29. Rfe1 Kf8 30. Bf3 b5 31. cxb5 axb5 32. a5 b4 33. Ra1 Ra8
34. a6 Bc8 35. Be2 Bd7 36. Re4 Bb5 37. Bxb5 Rxb5 38. Rc4 Rb6 39. Rc6 Rxc6 40.
dxc6 Ke8 41. Ra4 Kd8 42. Rxb4 Rxa6 43. Rb8+ Kc7 44. Rb7+ 1/2-1/2

[Event "XXX Memorial Edoardo Crespi A"]
[Site "Milano ITA"]
[Date "2009.12.06"]
[Round "2"]
[White "Burlando, Alessandro"]
[Black "Vinzoni, Andrea"]
[Result "0-1"]
[WhiteElo "2178"]
[BlackElo "2082"]
[PlyCount "68"]
[EventDate "2009.12.05"]

1. d4 d5 2. c4 e6 3. Nc3 Nf6 4. Bg5 Be7 5. Nf3 h6 6. Bxf6 Bxf6 7. e3 O-O 8. Qd2
dxc4 9. Bxc4 c5 10. Rd1 cxd4 11. exd4 Nd7 12. O-O Nb6 13. Bd3 Bd7 14. Rfe1 Bc6
15. Ne5 Nd5 16. Bb1 Nxc3 17. bxc3 Bxe5 18. Rxe5 Qf6 19. Rde1 Rfd8 20. c4 Rd6
21. Qd3 g6 22. Qe3 Rad8 23. d5 exd5 24. c5 d4 25. Qxh6 Rd5 26. f4 d3 27. Rxd5
Rxd5 28. f5 Qd4+ 29. Kh1 Rxf5 30. Qd2 Rf2 31. Qxd3 Bxg2+ 32. Kg1 Rf1+ 33. Kxg2
Qg1+ 34. Kh3 Rxe1 0-1

[Event "XXX Memorial Edoardo Crespi A"]
[Site "Milano ITA"]
[Date "2009.12.06"]
[Round "2"]
[White "Cani, Gazmir"]
[Black "Foisor, Ovidiu-Doru"]
[Result "0-1"]
[WhiteElo "1973"]
[BlackElo "2420"]
[PlyCount "66"]
[EventDate "2009.12.05"]

1. Nf3 g6 2. d4 Bg7 3. c4 d6 4. Nc3 Nd7 5. e4 c6 6. Be2 a6 7. Be3 b5 8. O-O
Ngf6 9. Nd2 O-O 10. b3 e5 11. d5 b4 12. Na4 c5 13. Nb2 Ne8 14. a3 f5 15. f3
bxa3 16. Rxa3 Nef6 17. Nd3 Rb8 18. Qc2 f4 19. Bf2 g5 20. Rb1 Qe8 21. b4 cxb4
22. Rxb4 Rxb4 23. Nxb4 Qg6 24. Nc6 Re8 25. c5 Nxc5 26. Bxc5 dxc5 27. Bxa6 Nxd5
28. Qxc5 Ne3 29. Ne7+ Rxe7 30. Bxc8 Bf8 31. Ra6 Qe8 32. Nc4 Rb7 33. Be6+ Qxe6
0-1

[Event "XXX Memorial Edoardo Crespi A"]
[Site "Milano ITA"]
[Date "2009.12.06"]
[Round "2"]
[White "Damia, Angelo"]
[Black "Massironi, Marco"]
[Result "1/2-1/2"]
[WhiteElo "2338"]
[BlackElo "2149"]
[PlyCount "54"]
[EventDate "2009.12.05"]

1. Nc3 d5 2. e4 dxe4 3. Nxe4 Nc6 4. Nf3 Bg4 5. Bc4 Bxf3 6. Qxf3 Ne5 7. Qc3 Nxc4
8. Qxc4 c6 9. O-O e6 10. d3 Be7 11. Qb3 Qb6 12. Qc3 Nf6 13. Be3 Qc7 14. Bc5
Nxe4 15. dxe4 Bxc5 16. Qxc5 Qe7 17. Qxe7+ Kxe7 18. Rfd1 Rhd8 19. Kf1 e5 20. Ke2
Rxd1 21. Rxd1 Rd8 22. Rxd8 Kxd8 23. Kd3 Kc7 24. Kc4 Kd6 25. a4 Kd7 26. b4 Kd6
27. a5 b5+ 1/2-1/2

[Event "XXX Memorial Edoardo Crespi A"]
[Site "Milano ITA"]
[Date "2009.12.06"]
[Round "2"]
[White "David, Alberto"]
[Black "Stromboli, Ettore"]
[Result "1-0"]
[WhiteElo "2593"]
[BlackElo "2260"]
[PlyCount "73"]
[EventDate "2009.12.05"]

1. d4 e6 2. c4 Nf6 3. g3 Bb4+ 4. Bd2 Qe7 5. Bg2 O-O 6. Nf3 b6 7. O-O Bb7 8. Bg5
h6 9. Bxf6 Qxf6 10. a3 Be7 11. Nc3 d6 12. e4 c6 13. e5 Qg6 14. d5 exd5 15. cxd5
Rd8 16. Re1 cxd5 17. Nxd5 Bxd5 18. Qxd5 Nd7 19. e6 Nc5 20. exf7+ Qxf7 21. Nd4
Bf6 22. Qxf7+ Kxf7 23. Bxa8 Rxa8 24. Rad1 d5 25. b4 Ne4 26. Nc6 Nc3 27. Rd3 Rc8
28. Ne5+ Ke6 29. Ng4+ Kd6 30. Kg2 Nb5 31. Red1 Nc7 32. Ne3 d4 33. Nf5+ Ke6 34.
Nxd4+ Bxd4 35. Rxd4 Nb5 36. Re4+ Kf6 37. Rd7 1-0